| 000 | 00596nam a2200229 a 4500 | ||
|---|---|---|---|
| 008 | |||
| 020 | _a0712110445 (pbk.) | ||
| 049 | _aMAIN | ||
| 090 | _aHG4529 | ||
| 100 | 1 | _aMott, Graham. | |
| 245 | 1 | 0 |
_aInvestment appraisal / _cGraham Mott. |
| 250 | _a2nd ed. | ||
| 260 |
_aLondon : _bPitman, _c1993. |
||
| 300 |
_ax, 214 p. ; _c22 cm. |
||
| 440 | 0 | _aM & E handbook series. | |
| 650 | 0 | _aCapital investments. | |
| 907 |
_a.b10060728 _b14-09-04 _c17-04-03 |
||
| 003 | |||
| 005 | 20230123133501.0 | ||
| 040 | _cNUST | ||
| 942 |
_cBOOKS _kHG4529 |
||
| 999 |
_c149366 _d149366 |
||